00554nam a2200193Ia 4500008004100000020001500041082000800056100002800064245004900092250000600141260002500147300001500172500002400187650001000211700002500221942000700246952009000253999001700343230524s9999 xx 000 0 und d a8123909152 bGAL aArthur B.Gallion942886 4aThe Urban Pattern : City Planning and Design a4 aNew DelhibCBSc2005 a"VI,629p:" aQuantity Number: 1 aCivil a Simon Eisner942887 cBK 00104070aTATCLbTATCLcGENd2023-05-24l0o GALp54149r2023-05-24w2023-05-24yBK c57857d57857